Exploring sustainable development geographical perspectives

Salvato in:
Dettagli Bibliografici
Altri autori: Purvis, Martin, Grainger, Alan
Natura: Libro
Lingua:inglese
Pubblicazione: London Earthscan Publication 2006
Soggetti:
Tags: Aggiungi Tag
Nessun Tag, puoi essere il primo ad aggiungerne!!

MARC

LEADER 00000nam$a2200000$$$4500
001 0047131
005 20221207101043.1
020 |a 1-85383-472-6 
041 0 |a eng 
044 |a GB 
245 1 0 |a Exploring sustainable development  |b geographical perspectives  |c edited by: Martin Purvis and Alan Grainger 
264 1 |a London  |b Earthscan Publication  |c 2006 
300 |a 401 s. 
610 2 0 |a rast hospodársky 
610 2 0 |a vývoj hospodársky 
610 2 0 |a geografia 
610 2 0 |a výskum 
610 2 0 |a teória vývoja hospodárskeho 
610 2 0 |a prognózy 
610 2 0 |a urbanizácia 
610 2 0 |a mestá 
610 2 0 |a obyvateľstvo 
610 2 0 |a obchod 
610 2 0 |a kapitál 
610 2 0 |a poľnohospodárstvo 
610 2 0 |a prostredie životné 
610 2 0 |a ekológia 
610 2 0 |a plánovanie 
610 2 0 |a rieky 
610 2 0 |a zmeny klimatické 
610 2 0 |a energia 
610 2 0 |a vzťahy medzinárodné 
700 1 |a Purvis, Martin 
700 1 |a Grainger, Alan